| 000 | 00000nam##2200000za#4500 |
| 001 | 9.625770 |
| 003 | CaOODSP |
| 005 | 20200401045537 |
| 007 | ta |
| 008 | 150406|2001||||xxc||||| f|0| 0 fre|d |
| 040 | |aCaOODSP|bfre |
| 043 | |an-cn--- |
| 086 | 1 |aFs97-6/2362F |
| 110 | 1 |aCanada. |bMinistère des pêches et des océans. |
| 245 | 10|aL'oursin vert (Strongylocentrotus droebachiensis) des Îles-de-la-Madeleine : |bdescription des agrégations et potentiel d'exploitation / |cpar Line Pelletier, Pierre Gauthier et Madeleine Nadeau. |
| 260 | |aOttawa - Ontario : |bPêches et Océans Canada |c2001. |
| 300 | |avii, 28p. : |bfigures, graphiques, références, tableaux ; |c28 cm. |
| 490 | 1 |aRapport technique canadien des sciences halieutiques et aquatiques|v2362 |
| 500 | |a«Ce rapport présente une première description des agrégations d'oursins verts aux Îles-de-la-Madeleine et de leur potentiel d'exploitation réalisée à partir d'un relevé effectué en plongée sous-marine en septembre 1999.»--Résumé. Préparé par la Direction régionale des sciences, Ministère des Pêches et des Océans, Instituts Maurice-Lamontagne, C.P. 1000, 850, route de la Mer, Mont-Joli (Québec) G5H 3Z4. |
| 520 | 3 |aCe rapport présente une première description des agrégations d'oursins verts aux Îles-de-la-Madeleine et de leur potentiel d'exploitation réalisée à partir d'un relevé effectué en plongée sous-marine en septembre 1999.--Résumé |
| 546 | |aAbstracts in English |
| 590 | |a01-34|b2001-08-24 |
| 691 | 07|aCrustacé|2gcpds |
| 691 | 07|aContamination|2gcpds |
| 691 | 07|aProduit toxique|2gcpds |
| 691 | 07|aBiologie marine|2gcpds |
| 776 | 0#|tL'oursin vert (Strongylocentrotus droebachiensis) des Îles-de-la-Madeleine : |w(CaOODSP)9.604038 |
| 830 | #0|aRapport technique canadien des sciences halieutiques et aquatiques ;|v2362|w(CaOODSP)9.513051 |